Statistics for Bangladesh City Quiz

Click here to take the quiz!

General Stats

  • This quiz has been taken 35 times
  • The average score is 6 of 12

Answer Stats

City% Correct
Dhaka
100%
Chittagong
86%
Khulna
72%
Sylhet
69%
Rajshahi
52%
Rangpur
52%
Mymensingh
41%
Barisal
38%
Comilla
38%
Narayanganj
28%
Gazipur
21%
Bogra
14%

Score Distribution

Percentile by Number Answered

Percent of People with Each Score

Your Score History

You have not taken this quiz